Legal principles in shipping business / (Record no. 27581)

000 -LEADER
fixed length control field 00688 a2200241 4500
003 - CONTROL NUMBER IDENTIFIER
control field OSt
005 - DATE AND TIME OF LATEST TRANSACTION
control field 20241127154448.0
008 - FIXED-LENGTH DATA ELEMENTS--GENERAL INFORMATION
fixed length control field 241127b ||||| |||| 00| 0 eng d
020 ## - INTERNATIONAL STANDARD BOOK NUMBER
International Standard Book Number 9781908833846
Terms of availability GBP110.00
040 ## - CATALOGING SOURCE
Transcribing agency imukc
041 ## - LANGUAGE CODE
Language code of text/sound track or separate title eng
082 ## - DEWEY DECIMAL CLASSIFICATION NUMBER
Classification number 343.096
Item number I17
110 ## - MAIN ENTRY--CORPORATE NAME
9 (RLIN) 2796
Corporate name or jurisdiction name as entry element Institute of Chartered Shipbrokers
245 ## - TITLE STATEMENT
Title Legal principles in shipping business /
250 ## - EDITION STATEMENT
Edition statement 2016 ed.
260 ## - PUBLICATION, DISTRIBUTION, ETC.
Place of publication, distribution, etc. London :
Name of publisher, distributor, etc. Institute of Chartered shipbrokers,
Date of publication, distribution, etc. 2016.
300 ## - PHYSICAL DESCRIPTION
Extent x, 362 p. ;
Dimensions 30 cm
504 ## - BIBLIOGRAPHY, ETC. NOTE
Bibliography, etc. note Includes 20 Appendix from 219-362 pages
650 #0 - SUBJECT ADDED ENTRY--TOPICAL TERM
9 (RLIN) 1496
Topical term or geographic name entry element Maritime Law
9 (RLIN) 5710
Topical term or geographic name entry element Naval laws
9 (RLIN) 5711
Topical term or geographic name entry element Marine law
942 ## - ADDED ENTRY ELEMENTS (KOHA)
Source of classification or shelving scheme
Koha item type Books
Holdings
Withdrawn status Lost status Source of classification or shelving scheme Damaged status Not for loan Permanent Location Current Location Date acquired Source of acquisition Cost, normal purchase price Full call number Barcode Date last seen Cost, replacement price Price effective from Koha item type Total Checkouts Date last checked out
          IMU Kolkata IMU Kolkata 2024-11-28 5 9220.49 343.096 I17 14349 2024-11-28 9220.49 2024-11-28 Books    
          IMU Kolkata IMU Kolkata 2024-11-28 5 9220.49 343.096 I17 14350 2025-04-28 9220.49 2024-11-28 Books 1 2025-04-25
          IMU Kolkata IMU Kolkata 2024-11-28 5 9220.49 343.096 I17 14351 2024-11-28 9220.49 2024-11-28 Books    
Designed and Maintained by IMU-KC Library, Kolkata Campus © Copyright All Rights Reserved

webs counters

Powered by Koha